00370nam a2200121Ia 4500008004100000245010700041260001800148260000900166300000800175500001400183650001300197856003800210170516s9999 xx 000 0 und d aInvestigation of the Dermal Absorption and Irritation Potential of Sertaconazole Nitrate Anhydrous Gel bPharmaceutics c2016 a8:3 aSeptember xPharmacy uhttp://www.mdpi.com/1999-4923/8/3